Online
Catalog
Normal view MARC view

Entry Nombre corporativo

Number of records used in: 3

001 - NÚMERO DE CONTROL

  • campo de control: 55749

003 - IDENTIFICADOR DEL NÚMERO DE CONTROL

  • campo de control: OSt

005 - FECHA Y HORA DE LA ÚLTIMA TRANSACCIÓN

  • campo de control: 20200615034720.0

008 - DATOS DE LONGITUD FIJA

  • campo de control de longitud fija: 200615|| aca||aabn | a|a d

040 ## - FUENTE DE LA CATALOGACIÓN

  • Centro catalogador/agencia de origen: OSt
  • Centro/agencia transcriptor: OSt

110 ## - ENCABEZAMIENTO-NOMBRE DE ENTIDAD CORPORATIVA

  • Nombre de entidad corporativa o nombre de jurisdicción como elemento de entrada: República Dominicana
  • Unidad subordinada: Comisión Nacional de Ética y Combate a la Corrupción

670 ## - FUENTE DE DATOS ENCONTRADOS

  • Cita de la fuente: Work cat.: (OSt)28242: República Dominicana Comisión Nacional de Ética y Combate a la Corrupción, Informe de rendición de cuentas Enero-Junio 2006 del segundo año de implementación del plan estratégico de ética, prevención y sanción a la corrupción., 2006.

Powered by Koha